000 01028cam a2200349 a 4500
001 1529522
003 ARRUPE
005 20150327163549.0
008 941207s1994 enk b 001 0 eng d
020 _a0745601782
020 _a0745602053 (pbk.
035 _a(OCoLC)31624656
035 _a(OCoLC)ocm31624656
035 _a(NNC)1529522
040 _aEQF
_cEQF
_dYUS
043 _ae-gx---
100 1 _aOuthwaite, William.
_916734
245 1 0 _aHabermas :
_ba critical introduction /
_cWilliam Outhwaite.
260 _aCambridge :
_bPolity Press,
_c1994.
300 _ax, 194 p. ;
_c23 cm.
500 _aIncludes index.
504 _aBibliography: p. 180-188.
600 1 0 _aHabermas, Jürgen.
_916735
650 0 _aPhilosophy, German
_y20th century.
_916726
650 0 _aSocial evolution
_916227
650 0 _aCritical theory
_95606
650 0 _aCommunication
_xsocial aspects
_916736
650 0 _aPhilosophy, modern
_916737
942 _2lcc
_cMONOGRAPH
948 2 _a20060515
_ba
_crad1
_dMPS
999 _c122538
_d122538